MARC details
| 000 -CABECERA |
| campo de control de longitud fija |
02307nam a2200373 a 4500 |
| 003 - IDENTIFICADOR DEL NÚMERO DE CONTROL |
| campo de control |
CHAP |
| 005 - FECHA Y HORA DE LA ÚLTIMA TRANSACCIÓN |
| campo de control |
20230516181832.0 |
| 007 - CAMPO FIJO DE DESCRIPCIÓN FÍSICA--INFORMACIÓN GENERAL |
| campo de control de longitud fija |
ta |
| 008 - DATOS DE LONGITUD FIJA--INFORMACIÓN GENERAL |
| campo de control de longitud fija |
230516s2017 ck ad||gr|||| 001 0 spa d |
| 020 ## - NÚMERO INTERNACIONAL ESTÁNDAR DEL LIBRO |
| Número Internacional Estándar del Libro |
978-958-771-491-3 |
| 040 ## - FUENTE DE LA CATALOGACIÓN |
| Centro catalogador/agencia de origen |
mxchpua |
| Centro/agencia transcriptor |
CHAP |
| Normas de descripción |
rda |
| 050 10 - SIGNATURA TOPOGRÁFICA DE LA BIBLIOTECA DEL CONGRESO |
| Número de clasificación |
TS160 |
| Número de documento/Ítem |
.G84 2017 |
| 082 00 - NÚMERO DE LA CLASIFICACIÓN DECIMAL DEWEY |
| Número de clasificación |
658.787 |
| Número de documento/Ítem |
G84 2017 |
| Número de edición |
20 |
| 100 1# - ENTRADA PRINCIPAL--NOMBRE DE PERSONA |
| 9 (RLIN) |
124595 |
| Nombre de persona |
Guerrero Salas, Humberto |
| Término indicativo de función/relación |
autor |
| 245 10 - MENCIÓN DE TÍTULO |
| Título |
Inventarios manejo y control / |
| Mención de responsabilidad, etc. |
Humberto Guerrero Salas |
| 250 ## - MENCIÓN DE EDICIÓN |
| Mención de edición |
2a edición |
| 264 ## - PRODUCCIÓN, PUBLICACIÓN, DISTRIBUCIÓN, FABRICACIÓN Y COPYRIGHT |
| Producción, publicación, distribución, fabricación y copyright |
Bogotá, Colombia : |
| Nombre del de productor, editor, distribuidor, fabricante |
ECOE Ediciones, |
| Fecha de producción, publicación, distribución, fabricación o copyright |
2017 |
| 300 ## - DESCRIPCIÓN FÍSICA |
| Extensión |
xvii, 158 páginas : |
| Otras características físicas |
ilustraciones, diagramas, gráficas, tablas |
| 336 ## - TIPO DE CONTENIDO |
| Fuente |
rdacontent |
| Término de tipo de contenido |
texto |
| Código de tipo de contenido |
txt |
| 337 ## - TIPO DE MEDIO |
| Fuente |
rdamedia |
| Nombre/término del tipo de medio |
sin medio |
| Código del tipo de medio |
n |
| 338 ## - TIPO DE SOPORTE |
| Fuente |
rdacarrier |
| Nombre/término del tipo de soporte |
volumen |
| Código del tipo de soporte |
nc |
| 490 1# - MENCIÓN DE SERIE |
| Mención de serie |
Ciencias empresariales. Logística (ECOE Ediciones) |
| 504 ## - NOTA DE BIBLIOGRAFÍA, ETC. |
| Nota de bibliografía, etc. |
Bibliografía: páginas 157-158 |
| 505 0# - NOTA DE CONTENIDO CON FORMATO |
| Nota de contenido con formato |
Capítulo 1. Generalidades de los modelos de inventarios --<br/>Capítulo 2. Modelos determinísticos --<br/>Capítulo 3. Sistemas de inventarios --<br/>Capítulo 4. Modelos estocásticos --<br/>Respuestas a ejercicios propuestos --<br/>Bibliografía |
| 520 2# - SUMARIO, ETC. |
| Sumario, etc. |
La nueva edición de Inventarios. Manejo y control brinda las herramientas y procedimientos para resolver problemas empresariales relacionados con la gestión de inventarios. Introduce los métodos electrónicos de control de inventarios y la creación de escategramas.<br/><br/>El texto inicia con las nociones teóricas de los elementos de la gestión de inventarios; luego, trata los modelos básicos determinísticos del control de estos; en seguida, vincula las probabilidades en el manejo de inventarios, a través de sus sistemas de control; finalmente, presenta modelos estocásticos de inventario, aplicando otras distribuciones de probabilidad.<br/><br/>El libro va dirigido a estudiantes de Ingeniería Industrial, Administración de Empresas, Economía, y a interesados en emplear la investigación de operaciones para optimizar procesos de inventarios. |
| 650 13 - PUNTO DE ACCESO ADICIONAL DE MATERIA--TÉRMINO DE MATERIA |
| 9 (RLIN) |
60169 |
| Término de materia o nombre geográfico como elemento de entrada |
Inventarios |
| 650 13 - PUNTO DE ACCESO ADICIONAL DE MATERIA--TÉRMINO DE MATERIA |
| 9 (RLIN) |
144175 |
| Término de materia o nombre geográfico como elemento de entrada |
Metodología |
| 650 13 - PUNTO DE ACCESO ADICIONAL DE MATERIA--TÉRMINO DE MATERIA |
| 9 (RLIN) |
153136 |
| Término de materia o nombre geográfico como elemento de entrada |
Manejo de materiales |
| 650 13 - PUNTO DE ACCESO ADICIONAL DE MATERIA--TÉRMINO DE MATERIA |
| 9 (RLIN) |
187046 |
| Término de materia o nombre geográfico como elemento de entrada |
Inventories |
| 650 13 - PUNTO DE ACCESO ADICIONAL DE MATERIA--TÉRMINO DE MATERIA |
| 9 (RLIN) |
147174 |
| Término de materia o nombre geográfico como elemento de entrada |
Methodology |
| 650 13 - PUNTO DE ACCESO ADICIONAL DE MATERIA--TÉRMINO DE MATERIA |
| 9 (RLIN) |
187047 |
| Término de materia o nombre geográfico como elemento de entrada |
Materials handling |
| 830 ## - PUNTO DE ACCESO ADICIONAL DE SERIE-TÍTULO UNIFORME |
| 9 (RLIN) |
163543 |
| Título uniforme |
Ciencias empresariales. Logística (ECOE Ediciones) |
| 942 ## - ELEMENTOS DE PUNTO DE ACCESO ADICIONAL (KOHA) |
| Fuente del sistema de clasificación o colocación |
Dewey Decimal Classification |
| Tipo de ítem Koha |
|